[Event "FRA-chT Top 16 GpA"]
[Site "Chartres"]
[Date "2024.05.30"]
[Round "1.14"]
[White "Hejazipour, Mitra"]
[Black "Peyrat, Olivier"]
[Result "1-0"]
[WhiteElo "2376"]
[BlackElo "2202"]
[PlyCount "111"]
[EventDate "2024.05.30"]
[EventType "team-tourn"]
[EventRounds "7"]
[EventCountry "FRA"]
[SourceTitle "CBM 220 Extra"]
[Source "ChessBase"]
[SourceDate "2024.07.31"]
[SourceVersion "1"]
[SourceVersionDate "2024.07.31"]
[SourceQuality "1"]
[WhiteTeam "Lyon"]
[BlackTeam "Paris Club 608"]
[WhiteTeamCountry "FRA"]
[BlackTeamCountry "FRA"]

1. Nf3 d5 2. e3 Nf6 3. c4 c6 4. Nc3 e6 5. b3 Nbd7 6. Bb2 b6 7. Qc2 Bb7 8. d4 Bd6 9. Be2 Qe7 10. 0-0 0-0 11. e4 dxe4 12. Nxe4 Ba3 13. Bc3 c5 14. Nxf6+ Nxf6 15. dxc5 Bxc5 16. Ng5 g6 17. Rad1 Rfd8 18. Qb2 Ne8 19. Bf3 Bxf3 20. Nxf3 Rxd1 21. Rxd1 Rd8 22. Rxd8 Qxd8 23. g3 f6 24. Qe2 Kf7 25. b4 Be7 26. Nd4 Qd7 27. Nc2 Qc6 28. Qd3 Nd6 29. Ne3 Qf3 30. Qc2 Ne4 31. Be1 h5 32. Ng2 g5 33. h4 f5 34. hxg5 Bxg5 35. c5 bxc5 36. bxc5 Bd8 37. c6 Bc7 38. Qa4 Nd6 39. Qxa7 Qxc6 40. Qe3 Ne4 41. Qh6 Nf6 42. Nh4 Bd8 43. Bb4 Ke8 44. Ng6 Qc7 45. Qf8+ Kd7 46. Qf7+ Kc6 47. Qxe6+ Kb5 48. Be7 Bxe7 49. Nxe7 Qc3 50. Qxf5+ Ka4 51. Nd5 Qe1+ 52. Kg2 Ng4 53. Qf3 Ne5 54. Qb3+ Ka5 55. Qb6+ Ka4 56. Qa6+ 1-0

[Event "FRA-chT1B 0809"]
[Site "France"]
[Date "2009.04.04"]
[Round "10.4"]
[White "Peyrat, Olivier"]
[Black "Crouan, Stephane"]
[Result "1/2-1/2"]
[WhiteElo "2232"]
[BlackElo "2183"]
[PlyCount "57"]
[EventDate "2008.10.19"]
[EventType "tourn"]
[EventRounds "11"]
[EventCountry "FRA"]
[SourceTitle "EXT 2010"]
[Source "ChessBase"]
[SourceDate "2010.11.25"]
[SourceVersion "1"]
[SourceVersionDate "2010.11.25"]
[SourceQuality "1"]
[WhiteTeam "Vincennes"]
[BlackTeam "Nantes"]
[WhiteTeamCountry "FRA"]
[BlackTeamCountry "FRA"]

1. Nf3 Nf6 2. g3 c5 3. c4 d5 4. Bg2 Nc6 5. cxd5 Nxd5 6. Nc3 Nc7 7. 0-0 e5 8. Ne1 Be7 9. Bxc6+ bxc6 10. Qa4 Qd7 11. Nd3 f6 12. b3 h5 13. f3 h4 14. g4 Ne6 15. Qe4 Ba6 16. Nf2 Rd8 17. d3 Bc8 18. Qg6+ Kf8 19. Be3 Nd4 20. Rac1 Qc7 21. Rfe1 Be6 22. Bd2 Qd7 23. Nfd1 Bf7 24. Qe4 Bd5 25. Nxd5 cxd5 26. Qg6 Rb8 27. Nc3 Rb6 28. Na4 Rc6 29. Be3 1/2-1/2

[Event "Paris-ch op"]
[Site "Paris"]
[Date "2008.07.03"]
[Round "6"]
[White "Debray, Christopher"]
[Black "Peyrat, Olivier"]
[Result "1-0"]
[WhiteElo "2381"]
[BlackElo "2229"]
[PlyCount "61"]
[EventDate "2008.06.28"]
[EventType "swiss"]
[EventRounds "9"]
[EventCountry "FRA"]
[SourceTitle "EXT 2009"]
[Source "ChessBase"]
[SourceDate "2008.11.26"]
[SourceVersion "1"]
[SourceVersionDate "2008.11.26"]
[SourceQuality "1"]

1. e4 c5 2. Nf3 e6 3. d4 cxd4 4. Nxd4 Nc6 5. Nc3 Qc7 6. Be3 a6 7. f4 b5 8. Nxc6 Qxc6 9. Be2 Bb7 10. Bf3 Qc7 11. 0-0 Bc5 12. Bxc5 Qxc5+ 13. Rf2 d6 14. e5 d5 15. f5 Ne7 16. fxe6 fxe6 17. Ne2 Nf5 18. Nf4 Qb6 19. Be2 0-0 20. Bd3 Nh6 21. g3 Rf7 22. Qh5 Raf8 23. Raf1 Bc8 24. Kh1 Nf5 25. g4 g6 26. Nxg6 hxg6 27. Qxg6+ Rg7 28. Rxf5 Rxg6 29. Rxf8+ Kg7 30. R1f7+ Kh6 31. h4 1-0

[Event "Paris-ch op"]
[Site "Paris"]
[Date "2008.06.29"]
[Round "2"]
[White "Peyrat, Olivier"]
[Black "Brunner, Nicolas"]
[Result "1/2-1/2"]
[WhiteElo "2229"]
[BlackElo "2404"]
[PlyCount "68"]
[EventDate "2008.06.28"]
[EventType "swiss"]
[EventRounds "9"]
[EventCountry "FRA"]
[SourceTitle "EXT 2009"]
[Source "ChessBase"]
[SourceDate "2008.11.26"]
[SourceVersion "1"]
[SourceVersionDate "2008.11.26"]
[SourceQuality "1"]

1. d4 Nf6 2. Nf3 e6 3. g3 d5 4. c4 dxc4 5. Qa4+ Nbd7 6. Qxc4 a6 7. Bg2 b5 8. Qc6 Rb8 9. Bf4 Nd5 10. 0-0 Bb7 11. Qc2 Nxf4 12. gxf4 Rc8 13. Nc3 c5 14. dxc5 Bxc5 15. Qd3 Qb6 16. Rad1 Nf6 17. Ne5 Bxg2 18. Kxg2 0-0 19. e3 g6 20. Qe2 Bb4 21. Nb1 Qb7+ 22. Qf3 Qc7 23. Nd3 Be7 24. Rc1 Qd7 25. Ne5 Qd5 26. Nc3 Qxf3+ 27. Kxf3 Rfd8 28. Ke2 Nd7 29. Ne4 Nxe5 30. fxe5 Kf8 31. Rfd1 Ke8 32. h3 Rxc1 33. Rxc1 Kd7 34. Kd3 Rb8 1/2-1/2

[Event "Paris-ch op"]
[Site "Paris"]
[Date "2008.06.28"]
[Round "1"]
[White "Guilleux, Fabien"]
[Black "Peyrat, Olivier"]
[Result "1-0"]
[WhiteElo "2391"]
[BlackElo "2229"]
[PlyCount "77"]
[EventDate "2008.06.28"]
[EventType "swiss"]
[EventRounds "9"]
[EventCountry "FRA"]
[SourceTitle "EXT 2009"]
[Source "ChessBase"]
[SourceDate "2008.11.26"]
[SourceVersion "1"]
[SourceVersionDate "2008.11.26"]
[SourceQuality "1"]

1. Nf3 Nf6 2. c4 c6 3. d4 d5 4. e3 e6 5. Bd3 dxc4 6. Bxc4 Nbd7 7. 0-0 Be7 8. Re1 Nb6 9. Bb3 c5 10. Nc3 cxd4 11. exd4 0-0 12. Ne5 Nbd5 13. Bg5 Nxc3 14. bxc3 Qc7 15. Qf3 Bd7 16. Qh3 Nd5 17. Bxe7 Nxe7 18. Nxd7 Qxd7 19. Rxe6 Rfd8 20. Rae1 Nd5 21. R6e5 Qxh3 22. gxh3 Nf4 23. Re7 Nxh3+ 24. Kg2 Nf4+ 25. Kf3 Ne6 26. Rxb7 Rd6 27. Bxe6 fxe6 28. Ke4 Ra6 29. Re2 Rc8 30. Rc2 h6 31. c4 Kh7 32. c5 Kg6 33. Rd7 Kf6 34. f4 Rcc6 35. h4 h5 36. Rg2 g6 37. Rb2 Rc8 38. Rbb7 Rf8 39. Rxa7 1-0

[Event "FRA-chT1B 0708"]
[Site "France"]
[Date "2007.11.25"]
[Round "3.6"]
[White "Peyrat, Olivier"]
[Black "Schott, Reimund"]
[Result "1/2-1/2"]
[WhiteElo "2246"]
[BlackElo "2102"]
[PlyCount "157"]
[EventDate "2007.10.21"]
[EventType "team-tourn"]
[EventRounds "11"]
[EventCountry "FRA"]
[SourceTitle "EXT 2009"]
[Source "ChessBase"]
[SourceDate "2008.11.26"]
[SourceVersion "1"]
[SourceVersionDate "2008.11.26"]
[SourceQuality "1"]
[WhiteTeam "Vincennes"]
[BlackTeam "Gambsheim"]
[WhiteTeamCountry "FRA"]
[BlackTeamCountry "FRA"]

1. Nf3 Nf6 2. c4 e6 3. g3 d5 4. Bg2 Be7 5. 0-0 0-0 6. b3 b6 7. Bb2 Bb7 8. e3 c5 9. Nc3 Nbd7 10. Qe2 a6 11. d3 Qc7 12. Rac1 Rac8 13. h3 Rfd8 14. Rfe1 dxc4 15. bxc4 Bc6 16. a4 Qb7 17. Red1 Qa8 18. e4 Ne8 19. e5 Nxe5 20. Nxe5 Bxg2 21. f3 Bxh3 22. g4 Bg5 23. Kh2 Bxc1 24. Rxc1 f6 25. Kxh3 fxe5 26. Kg2 Qc6 27. Rd1 Nf6 28. Kf2 Rf8 29. Ke3 Qd6 30. Kd2 e4 31. Kc2 exf3 32. Qxf3 Nd5 33. Qe2 Nf4 34. Qh2 Qc6 35. Rd2 Rcd8 36. Qg3 Rd7 37. Qe3 Rdf7 38. Kb3 b5 39. axb5 axb5 40. Kc2 b4 41. Ne4 b3+ 42. Kc1 Ng6 43. Rd1 Rf3 44. Qxc5 Qxc5 45. Nxc5 Nf4 46. Be5 Rc8 47. Bxf4 Rxc5 48. Bd6 Rc6 49. c5 Rf2 50. Rd2 Rf7 51. Kb2 Rb7 52. Kc3 h6 53. Rb2 Kf7 54. d4 g6 55. Rf2+ Kg7 56. Be5+ Kg8 57. Rb2 h5 58. g5 Kf8 59. Kc4 Ke8 60. d5 exd5+ 61. Kxd5 Rc8 62. Bd6 h4 63. Ke6 Rf7 64. Rxb3 Rf2 65. Rh3 Re2+ 66. Kf6 Re4 67. Kxg6 Kd7 68. Kf7 Ra8 69. g6 Rg4 70. g7 Ra1 71. Bf8 Rf1+ 72. Kg8 Rfg1 73. Rd3+ Kc6 74. Rf3 R1g3 75. Rf6+ Kd7 76. Rd6+ Kc8 77. Rc6+ Kd7 78. Rd6+ Kc8 79. Rc6+ 1/2-1/2

[Event "FRA-chT1B 0607"]
[Site "France"]
[Date "2007.02.10"]
[Round "7.5"]
[White "Peyrat, Olivier"]
[Black "Garbarino, Xavier"]
[Result "1-0"]
[WhiteElo "2265"]
[BlackElo "2225"]
[PlyCount "79"]
[EventDate "2006.10.15"]
[EventType "team-tourn"]
[EventRounds "11"]
[EventCountry "FRA"]
[SourceTitle "EXT 2008"]
[Source "ChessBase"]
[SourceDate "2007.11.25"]
[SourceVersion "1"]
[SourceVersionDate "2007.11.25"]
[SourceQuality "1"]
[WhiteTeam "Vincennes"]
[BlackTeam "Lutece"]
[WhiteTeamCountry "FRA"]
[BlackTeamCountry "FRA"]

1. Nf3 Nc6 2. c4 e5 3. Nc3 f5 4. d4 e4 5. Ng5 Nf6 6. h4 Bb4 7. e3 d6 8. Bd2 0-0 9. a3 Bxc3 10. Bxc3 f4 11. Be2 fxe3 12. fxe3 Ne7 13. g4 d5 14. Bb4 a5 15. Bxe7 Qxe7 16. cxd5 Qd6 17. Kd2 Nxd5 18. Nxe4 Qe7 19. Bd3 h5 20. Qb3 c6 21. Rae1 Bxg4 22. Ng5 Kh8 23. Be4 a4 24. Qd3 Nf6 25. Bg6 c5 26. Rhf1 Rad8 27. Rf4 Qc7 28. Rc1 Nd5 29. Bxh5 g6 30. Rxf8+ Rxf8 31. Bxg4 Rf2+ 32. Be2 Qa5+ 33. Kd1 Qb6 34. dxc5 Qxb2 35. Qd4+ Qxd4+ 36. exd4 Rh2 37. Nf3 Rg2 38. Ke1 Nf4 39. Bf1 Ra2 40. Rc3 1-0

[Event "FRA-chT1B 0607"]
[Site "France"]
[Date "2006.11.25"]
[Round "2.3"]
[White "Peyrat, Olivier"]
[Black "Meynard, Thibault"]
[Result "0-1"]
[WhiteElo "2265"]
[BlackElo "2267"]
[PlyCount "80"]
[EventDate "2006.10.15"]
[EventType "team-tourn"]
[EventRounds "11"]
[EventCountry "FRA"]
[SourceTitle "EXT 2008"]
[Source "ChessBase"]
[SourceDate "2007.11.25"]
[SourceVersion "1"]
[SourceVersionDate "2007.11.25"]
[SourceQuality "1"]
[WhiteTeam "Vincennes"]
[BlackTeam "Avignon"]
[WhiteTeamCountry "FRA"]
[BlackTeamCountry "FRA"]

1. Nf3 d5 2. g3 Nf6 3. b3 Bf5 4. Bb2 Nc6 5. Bg2 e6 6. 0-0 h6 7. a3 a5 8. d4 Be7 9. Nbd2 0-0 10. c4 Ne4 11. Rc1 Bf6 12. e3 g5 13. Qe2 Bg7 14. Rfd1 Bg4 15. h3 Bh5 16. g4 Bg6 17. cxd5 exd5 18. Qb5 Rb8 19. Nf1 f5 20. N1h2 f4 21. Nf1 h5 22. gxh5 Bxh5 23. N1h2 Qd6 24. Re1 fxe3 25. Rxe3 Ne7 26. Qxa5 b6 27. Qe1 Nf5 28. Rxe4 dxe4 29. Qxe4 Rbe8 30. Qd3 Nh4 31. Nxh4 gxh4 32. Ng4 Kh8 33. Qb5 Bxg4 34. hxg4 Qg6 35. f3 c5 36. Rd1 Qc2 37. Qd3 Qxb2 38. dxc5 bxc5 39. Qd5 Qe5 40. Qc6 h3 0-1

[Event "Paris-ch"]
[Site "Paris"]
[Date "2006.07.12"]
[Round "7"]
[White "Peyrat, Olivier"]
[Black "Spiridonov, Nikola"]
[Result "1-0"]
[WhiteElo "2251"]
[BlackElo "2378"]
[PlyCount "113"]
[EventDate "2006.07.08"]
[EventType "swiss"]
[EventRounds "9"]
[EventCountry "FRA"]
[SourceTitle "EXT 2007"]
[Source "ChessBase"]
[SourceDate "2006.11.23"]
[SourceVersion "1"]
[SourceVersionDate "2006.11.23"]
[SourceQuality "1"]

1. g3 d5 2. Nf3 c6 3. Bg2 Nf6 4. 0-0 Bg4 5. b3 Nbd7 6. Bb2 e6 7. d3 Bd6 8. Nbd2 0-0 9. h3 Bh5 10. Qe1 Qe7 11. a3 Rfe8 12. e4 e5 13. Nh4 Bg6 14. Nxg6 hxg6 15. Qe2 a5 16. Rfe1 dxe4 17. dxe4 Nb6 18. h4 Rad8 19. Nf3 Nfd7 20. Bh3 Nf8 21. Red1 f6 22. Nd2 Bc7 23. a4 Ne6 24. c3 Nc5 25. Ba3 Kh8 26. Kg2 Bd6 27. h5 g5 28. Qe3 Ncd7 29. Bb2 Bc5 30. Qe2 Nf8 31. Bf5 Rd6 32. Nc4 Nxc4 33. Qxc4 Rdd8 34. Bg6 b5 35. axb5 cxb5 36. Qxb5 Rb8 37. Qa4 Rec8 38. Bf5 Rd8 39. Qc4 Qa7 40. Rxd8 Rxd8 41. Qe2 Qb6 42. Ba3 Bxa3 43. Rxa3 Qc5 44. Qb2 g4 45. Ra1 Rd3 46. Rc1 Qd6 47. Bxg4 Nh7 48. Be2 Rd2 49. Rc2 Rxc2 50. Qxc2 Ng5 51. Bg4 Kg8 52. Bf5 Kf8 53. Qe2 Ke7 54. Qe3 Qc7 55. Qd3 Nf7 56. Bg6 Nd6 57. Qd5 1-0

[Event "Paris-ch"]
[Site "Paris"]
[Date "2006.07.12"]
[Round "2"]
[White "Shirazi, Kamran"]
[Black "Peyrat, Olivier"]
[Result "0-1"]
[WhiteElo "2429"]
[BlackElo "2251"]
[PlyCount "98"]
[EventDate "2006.07.08"]
[EventType "swiss"]
[EventRounds "9"]
[EventCountry "FRA"]
[SourceTitle "EXT 2007"]
[Source "ChessBase"]
[SourceDate "2006.11.23"]
[SourceVersion "1"]
[SourceVersionDate "2006.11.23"]
[SourceQuality "1"]

1. e4 e6 2. d4 d5 3. Nc3 dxe4 4. Nxe4 Bd7 5. c4 Bc6 6. Nc3 Nf6 7. f3 Be7 8. Nge2 0-0 9. a3 a5 10. Nf4 b6 11. Bd3 Bb7 12. Be3 Nbd7 13. Qe2 e5 14. dxe5 Nxe5 15. 0-0-0 Nxd3+ 16. Rxd3 Qe8 17. Bd4 Bd8 18. Re1 Qc6 19. Bxf6 Bxf6 20. Nfd5 Bg5+ 21. f4 Rae8 22. Re3 Rxe3 23. Qxe3 Bd8 24. Qe4 Qh6 25. g3 Ba6 26. Rd1 Qe6 27. Qd4 h6 28. c5 Re8 29. cxb6 cxb6 30. Na4 b5 31. Nc5 Qc6 32. Kb1 Bc8 33. Rc1 Bf5+ 34. Ka1 b4 35. a4 Kf8 36. Ne3 Bc8 37. Nc4 Qg2 38. Nd7+ Bxd7 39. Qxd7 Bf6 40. Qb5 Rc8 41. Rb1 Qxh2 42. Nd6 Qxg3 43. Ka2 Rd8 44. Qd5 b3+ 45. Ka3 Rxd6 46. Qc5 Be7 47. f5 Rf6 48. Qxe7+ Kxe7 49. Rd1 Qd6+ 0-1

[Event "Paris-ch"]
[Site "Paris"]
[Date "2005.07.13"]
[Round "5"]
[White "Govciyan, Pavel"]
[Black "Peyrat, Olivier"]
[Result "1-0"]
[WhiteElo "2328"]
[BlackElo "2265"]
[PlyCount "69"]
[EventDate "2005.07.10"]
[EventType "swiss"]
[EventRounds "9"]
[EventCountry "FRA"]
[SourceTitle "CBM 107 Extra"]
[Source "ChessBase"]
[SourceDate "2005.09.01"]
[SourceVersion "1"]
[SourceVersionDate "2005.09.01"]
[SourceQuality "1"]

1. d4 d5 2. Nf3 Nf6 3. c4 c6 4. Nc3 e6 5. e3 Nbd7 6. Qc2 Bd6 7. Bd3 0-0 8. 0-0 dxc4 9. Bxc4 b5 10. Bd3 Bb7 11. a3 a6 12. b4 a5 13. Rb1 axb4 14. axb4 Qe7 15. e4 e5 16. dxe5 Nxe5 17. Nxe5 Bxe5 18. Ne2 Bc7 19. h3 Bb6 20. Rb3 Rfe8 21. Ng3 Nd7 22. Nf5 Qe6 23. Bb2 Ne5 24. Be2 f6 25. Rg3 g6 26. Qc1 Kh8 27. Qh6 Rg8 28. Nh4 Rad8 29. Bd1 Rg7 30. Bb3 Qe8 31. Nf5 Rgd7 32. Qh4 g5 33. Rxg5 fxg5 34. Qxg5 Bc7 35. Qf6+ 1-0

[Event "Paris-ch"]
[Site "Paris"]
[Date "2005.07.11"]
[Round "3"]
[White "Zharkov, Hleb"]
[Black "Peyrat, Olivier"]
[Result "0-1"]
[WhiteElo "2219"]
[BlackElo "2265"]
[PlyCount "136"]
[EventDate "2005.07.10"]
[EventType "swiss"]
[EventRounds "9"]
[EventCountry "FRA"]
[SourceTitle "CBM 107 Extra"]
[Source "ChessBase"]
[SourceDate "2005.09.01"]
[SourceVersion "1"]
[SourceVersionDate "2005.09.01"]
[SourceQuality "1"]

1. d4 d5 2. Nf3 Nf6 3. e3 c5 4. c4 cxd4 5. exd4 e6 6. Nc3 Be7 7. Bd3 0-0 8. 0-0 dxc4 9. Bxc4 Nc6 10. Be3 Nb4 11. Ne5 Bd7 12. a3 Nbd5 13. Qe2 Rc8 14. Rfd1 a6 15. Nxd5 Nxd5 16. Qf3 Bb5 17. Bb3 Bc6 18. Rac1 Qb6 19. Bxd5 Bxd5 20. Qg3 Qxb2 21. Bh6 g6 22. Rb1 Qxa3 23. Bxf8 Qxg3 24. hxg3 Rxf8 25. Nd7 Rd8 26. Nc5 Bxc5 27. dxc5 Rc8 28. Rdc1 h5 29. f3 Kf8 30. Kf2 Ke7 31. Ke3 Ra8 32. Ra1 Kd7 33. Ra5 Kc6 34. Kf4 f6 35. Ke3 Rd8 36. Rd1 Rd7 37. Rc1 Kc7 38. Rd1 Kc6 39. Rc1 Rc7 40. Rc3 Kd7 41. Ra4 Ke7 42. Kd2 Rd7 43. Rd3 Rc7 44. Rc3 Kf7 45. Rh4 Kg7 46. g4 hxg4 47. Rxg4 Rc8 48. Rh4 g5 49. Rg4 Kf7 50. Rc1 Rh8 51. Rf1 Rh2 52. f4 gxf4 53. Rfxf4 Rxg2+ 54. Rxg2 Bxg2 55. Ke3 e5 56. Rf2 Bc6 57. Rd2 Ke6 58. Rd6+ Kf5 59. Kd3 a5 60. Ke3 a4 61. Rd8 Ke6 62. Rh8 f5 63. Rd8 f4+ 64. Kf2 e4 65. Rf8 Ke5 66. Rf7 a3 67. Rf8 e3+ 68. Ke2 Ke4 0-1

[Event "FRA-chT2 0405"]
[Site "France"]
[Date "2005.01.08"]
[Round "5.3"]
[White "Peyrat, Olivier"]
[Black "Sinkovics, Peter"]
[Result "0-1"]
[WhiteElo "2274"]
[BlackElo "2312"]
[PlyCount "156"]
[EventDate "2004.10.10"]
[EventType "team-tourn"]
[EventRounds "11"]
[EventCountry "FRA"]
[SourceTitle "EXT 2006"]
[Source "ChessBase"]
[SourceDate "2005.11.24"]
[SourceVersion "1"]
[SourceVersionDate "2005.11.24"]
[SourceQuality "1"]
[WhiteTeam "Vincennes"]
[BlackTeam "Bagneux"]
[WhiteTeamCountry "FRA"]
[BlackTeamCountry "FRA"]

1. c4 Nf6 2. g3 e6 3. Bg2 d5 4. Nf3 Be7 5. 0-0 0-0 6. b3 Nbd7 7. Bb2 b6 8. cxd5 exd5 9. Nd4 Bb7 10. Nf5 Re8 11. Nxe7+ Qxe7 12. Nc3 Rac8 13. d4 Ne4 14. Nxe4 dxe4 15. Rc1 Nf6 16. Rc2 Nd5 17. Qb1 h5 18. h4 Rcd8 19. Qc1 f6 20. Ba3 Qf7 21. Kh2 Qg6 22. Bh3 Kh7 23. Rg1 e3 24. f3 f5 25. Rxc7 Nxc7 26. Qxc7 Ba6 27. Qf4 Rd5 28. Rg2 Qf6 29. Bb2 Re7 30. g4 fxg4 31. Qxf6 gxf6 32. fxg4 Bc8 33. gxh5 Bxh3 34. Kxh3 Rxh5 35. d5 Rxd5 36. Bxf6 Rf7 37. Bg5 Rd2 38. Rg3 Rxe2 39. a4 Rd7 40. Kg4 Rg7 41. Kf4 Rc7 42. Kg4 Re1 43. Kh5 e2 44. Re3 Rb1 45. Rxe2 Rxb3 46. Re6 Rf3 47. a5 b5 48. a6 b4 49. Re4 Ra3 50. Rxb4 Rxa6 51. Rb8 Rf7 52. Rc8 Ra2 53. Ra8 a5 54. Ra6 a4 55. Bc1 Rc7 56. Bf4 Re7 57. Bc1 Kg7 58. Bg5 Rd7 59. Bc1 Rd4 60. Bg5 Kf7 61. Rf6+ Ke8 62. Kg6 Rg2 63. Ra6 Kd7 64. Kf7 Kc7 65. Ra8 Kb7 66. Ra5 Rdg4 67. Ke6 Kc6 68. Kf5 Rd4 69. h5 Rd5+ 70. Rxd5 Kxd5 71. Bc1 Rf2+ 72. Kg6 Ke6 73. h6 Rg2+ 74. Kh7 Kf7 75. Ba3 Rh2 76. Bd6 Rh3 77. Be5 a3 78. Bg7 a2 0-1

[Event "FRA-chT2 0405"]
[Site "France"]
[Date "2004.12.05"]
[Round "4.3"]
[White "Bouchet, Nicolas"]
[Black "Peyrat, Olivier"]
[Result "1-0"]
[WhiteElo "2281"]
[BlackElo "2274"]
[PlyCount "77"]
[EventDate "2004.10.10"]
[EventType "team-tourn"]
[EventRounds "11"]
[EventCountry "FRA"]
[SourceTitle "EXT 2006"]
[Source "ChessBase"]
[SourceDate "2005.11.24"]
[SourceVersion "1"]
[SourceVersionDate "2005.11.24"]
[SourceQuality "1"]
[WhiteTeam "Creteil  II"]
[BlackTeam "Vincennes"]
[WhiteTeamCountry "FRA"]
[BlackTeamCountry "FRA"]

1. e4 c6 2. d4 d5 3. e5 c5 4. c3 Nc6 5. a3 cxd4 6. cxd4 Qb6 7. Ne2 Bf5 8. Nbc3 e6 9. b4 Rc8 10. Na4 Qd8 11. Ng3 Bg6 12. h4 h5 13. Be3 Nge7 14. Nc5 Rc7 15. Bg5 Qc8 16. Rc1 Nf5 17. Nxf5 Bxf5 18. Be2 Be7 19. Bxe7 Kxe7 20. 0-0 f6 21. exf6+ gxf6 22. Re1 Nd8 23. Bd3 Bxd3 24. Qxd3 b6 25. Nb3 Rc4 26. f4 Qc7 27. f5 Rxc1 28. Nxc1 Rg8 29. Ne2 Rg4 30. fxe6 Nxe6 31. Nc3 Qg3 32. Nxd5+ Kd6 33. Qxg3+ Rxg3 34. Nxf6 Rxa3 35. Nxh5 Nxd4 36. Nf4 Rb3 37. h5 Rxb4 38. Rd1 Rc4 39. h6 1-0

[Event "FRA-chT2 0405"]
[Site "France"]
[Date "2004.10.10"]
[Round "1.3"]
[White "Trommsdorf, Fro"]
[Black "Peyrat, Olivier"]
[Result "1/2-1/2"]
[WhiteElo "2196"]
[BlackElo "2274"]
[PlyCount "80"]
[EventDate "2004.10.10"]
[EventType "team-tourn"]
[EventRounds "11"]
[EventCountry "FRA"]
[SourceTitle "EXT 2006"]
[Source "ChessBase"]
[SourceDate "2005.11.24"]
[SourceVersion "1"]
[SourceVersionDate "2005.11.24"]
[SourceQuality "1"]
[WhiteTeam "Issy les Moulineaux"]
[BlackTeam "Vincennes"]
[WhiteTeamCountry "FRA"]
[BlackTeamCountry "FRA"]

1. d4 e6 2. e4 d5 3. Nd2 Nc6 4. c3 e5 5. dxe5 dxe4 6. Nxe4 Qxd1+ 7. Kxd1 Bf5 8. Ng3 0-0-0+ 9. Ke1 Bc2 10. Bf4 f6 11. Nf3 Nge7 12. exf6 gxf6 13. Rc1 Bg6 14. Rd1 Nd5 15. Be3 Nxe3 16. Rxd8+ Kxd8 17. fxe3 Bh6 18. e4 Bc1 19. b4 Bf4 20. Bd3 Re8 21. Kd1 Ne5 22. Nxe5 Bxe5 23. Ne2 Ke7 24. Kc2 a5 25. b5 Rd8 26. g3 Bf7 27. Nc1 h5 28. Be2 Bg6 29. Bf3 Rh8 30. Nd3 h4 31. Nf4 Bf7 32. a4 Rg8 33. Ne2 hxg3 34. hxg3 Bxg3 35. Rh7 Kf8 36. Nd4 Be5 37. Nf5 Bg6 38. Rd7 Bxf5 39. Rd8+ Kf7 40. Rxg8 Kxg8 1/2-1/2

[Event "Paris-ch"]
[Site "Paris"]
[Date "2004.07.09"]
[Round "7"]
[White "Peyrat, Olivier"]
[Black "Ionescu, Doru Alexandru"]
[Result "0-1"]
[WhiteElo "2272"]
[BlackElo "2395"]
[PlyCount "63"]
[EventDate "2004.07.03"]
[EventType "swiss"]
[EventRounds "9"]
[EventCountry "FRA"]
[SourceTitle "CBM 101 Extra"]
[Source "ChessBase"]
[SourceDate "2004.09.01"]
[SourceVersion "2"]
[SourceVersionDate "2004.09.01"]
[SourceQuality "1"]

1. c4 g6 2. g3 Nf6 3. Bg2 Bg7 4. Nc3 0-0 5. d3 Nc6 6. e4 e6 7. f4 d5 8. e5 Nd7 9. cxd5 Nb4 10. a3 Nxd5 11. Nxd5 exd5 12. d4 c5 13. Ne2 cxd4 14. Nxd4 Nc5 15. 0-0 f6 16. exf6 Qxf6 17. Nf3 Be6 18. Be3 Nb3 19. Rb1 d4 20. Bf2 Rad8 21. Re1 d3 22. Bxa7 d2 23. Re5 Kh8 24. Rb5 Bf5 25. Rxb3 Bxb1 26. Nxd2 Ba2 27. Rxb7 Qd6 28. Rxg7 Kxg7 29. Be3 Rfe8 30. Qa1 Rxe3 31. Nf1 Qd4 32. Kh1 0-1

[Event "Paris-ch"]
[Site "Paris"]
[Date "2004.07.07"]
[Round "5"]
[White "Pert, Nicholas"]
[Black "Peyrat, Olivier"]
[Result "1-0"]
[WhiteElo "2493"]
[BlackElo "2272"]
[PlyCount "99"]
[EventDate "2004.07.03"]
[EventType "swiss"]
[EventRounds "9"]
[EventCountry "FRA"]
[SourceTitle "CBM 101 Extra"]
[Source "ChessBase"]
[SourceDate "2004.09.01"]
[SourceVersion "2"]
[SourceVersionDate "2004.09.01"]
[SourceQuality "1"]

1. d4 d5 2. c4 dxc4 3. Nf3 Nf6 4. e3 e6 5. Bxc4 a6 6. 0-0 c5 7. Bb3 b6 8. Qe2 Bb7 9. Nc3 Nbd7 10. Rd1 Qc7 11. d5 Nxd5 12. Nxd5 Bxd5 13. Bxd5 exd5 14. Rxd5 Be7 15. e4 0-0 16. Bf4 Qb7 17. Rd2 Rfd8 18. Rad1 Nf8 19. Rd5 b5 20. h4 Ne6 21. Be5 f6 22. Bg3 Qb6 23. Qe3 Qa5 24. a3 Qa4 25. R1d2 Qc4 26. Kh2 a5 27. b3 Qf1 28. Re2 Qa1 29. Qd3 Qxa3 30. Qxb5 Qb4 31. Qc6 Kf7 32. Re3 a4 33. bxa4 Qxa4 34. Qb7 Qb4 35. Ne5+ fxe5 36. Rf3+ Nf4 37. Qxb4 cxb4 38. Rxe5 Bd6 39. Rf5+ Ke6 40. Bxf4 Bxf4+ 41. R5xf4 Rdb8 42. Rb3 Ra3 43. Rb2 Rc3 44. e5 b3 45. Re4 h5 46. f3 Kd5 47. e6 Kd6 48. e7 Kd7 49. e8Q+ Rxe8 50. Rd2+ 1-0

[Event "Paris-ch"]
[Site "Paris"]
[Date "2004.07.04"]
[Round "2"]
[White "Agababean, Naira"]
[Black "Peyrat, Olivier"]
[Result "0-1"]
[WhiteElo "2189"]
[BlackElo "2272"]
[PlyCount "130"]
[EventDate "2004.07.03"]
[EventType "swiss"]
[EventRounds "9"]
[EventCountry "FRA"]
[SourceTitle "CBM 101 Extra"]
[Source "ChessBase"]
[SourceDate "2004.09.01"]
[SourceVersion "2"]
[SourceVersionDate "2004.09.01"]
[SourceQuality "1"]

1. d4 f5 2. e4 fxe4 3. Nc3 Nf6 4. Bg5 Nc6 5. f3 d5 6. Bb5 e3 7. Bxe3 Bf5 8. g4 Bg6 9. h4 Qd7 10. h5 Bf7 11. a3 a6 12. Bxc6 Qxc6 13. Qd2 e6 14. Nge2 Nd7 15. Bg5 Bd6 16. Na2 b6 17. 0-0-0 a5 18. h6 g6 19. f4 Qb7 20. Rde1 0-0 21. Bh4 Be8 22. Rhf1 Nf6 23. f5 Ne4 24. Qe3 Bf7 25. Nac3 Nxc3 26. Nxc3 Rae8 27. fxg6 Bxg6 28. Rxf8+ Bxf8 29. Bg3 c6 30. Be5 Qe7 31. g5 Qf7 32. Na4 Qf5 33. Qd2 Be7 34. Rg1 Bd8 35. Kb1 c5 36. Rg2 cxd4 37. Bxd4 b5 38. Nc3 b4 39. Nd1 e5 40. Bc5 d4 41. axb4 axb4 42. Bxb4 Qd7 43. b3 Qd5 44. Ne3 Qxb3+ 45. Kc1 Qxe3 46. Qxe3 dxe3 47. Bc5 Kf7 48. Bxe3 Be7 49. Kb2 Rb8+ 50. Kc3 Rc8+ 51. Kb3 Ke6 52. c3 Bd3 53. Rg3 Rb8+ 54. Ka2 Bb1+ 55. Ka1 Bg6 56. Ka2 Kd5 57. Rg4 e4 58. Bd4 Kc4 59. Rg3 Rb5 60. Bf6 Bc5 61. Rh3 e3 62. Rh4+ Kd3 63. Rh3 Kd2 64. c4 Rb7 65. Rg3 Bd3 0-1

[Event "FRA-chT Poule Basse"]
[Site "France"]
[Date "2003.05.10"]
[Round "11.6"]
[White "Peyrat, Olivier"]
[Black "Guyot, Philippe"]
[Result "1/2-1/2"]
[WhiteElo "2286"]
[BlackElo "2261"]
[PlyCount "68"]
[EventDate "2003.05.07"]
[EventType "team-tourn"]
[EventRounds "4"]
[EventCountry "FRA"]
[SourceTitle "CBM 095"]
[Source "ChessBase"]
[SourceDate "2003.07.25"]
[SourceVersion "1"]
[SourceVersionDate "2003.07.25"]
[SourceQuality "1"]
[WhiteTeam "Noyon"]
[BlackTeam "Besancon"]
[WhiteTeamCountry "FRA"]
[BlackTeamCountry "FRA"]

1. c4 g6 2. g3 Bg7 3. Bg2 e5 4. Nc3 Nc6 5. e4 d6 6. Nge2 h5 7. h4 Bg4 8. f3 Be6 9. d3 Nce7 10. Bg5 c6 11. 0-0 Nf6 12. b3 Qb6+ 13. Kh1 Nh7 14. Na4 Qd8 15. Be3 c5 16. Rb1 f5 17. Nac3 0-0 18. Qd2 Nc6 19. exf5 Bxf5 20. Nd5 Qd7 21. Nec3 Rf7 22. Ne4 Raf8 23. Rf2 Be6 24. Nec3 Nd4 25. Rbf1 Nf5 26. Kh2 Kh8 27. Qe1 Bh6 28. Bxh6 Nxh6 29. Re2 Nf5 30. f4 Nh6 31. Kg1 Bh3 32. Ne4 Bxg2 33. Rxg2 Ng4 34. Qe2 Rf5 1/2-1/2